| 000 | 00540nam a2200181Ia 4500 | ||
|---|---|---|---|
| 008 | 090123s9999 xx 000 0 und d | ||
| 082 | _b36794 | ||
| 100 | _aपोतनीस मृणालिनी | ||
| 245 | _aअंंतरंग | ||
| 250 | _a1 | ||
| 260 |
_bशिवम प्रकाशन _c2004 |
||
| 300 | _a120 | ||
| 600 | _aपोतनीस मृणालिनी | ||
| 630 | _aअंंतरंग | ||
| 700 | _aपोतनीस मृणालिनी | ||
| 730 | _aअंंतरंग | ||
| 942 | _cBOOK | ||
| 999 |
_c74862 _d74862 |
||